<?xml version="1.0" encoding="UTF-8"?>
<record
    xmlns:xsi="http://www.w3.org/2001/XMLSchema-instance"
    xsi:schemaLocation="http://www.loc.gov/MARC21/slim http://www.loc.gov/standards/marcxml/schema/MARC21slim.xsd"
    xmlns="http://www.loc.gov/MARC21/slim">

  <leader>01503nam a22003014  4500</leader>
  <controlfield tag="001">113746</controlfield>
  <controlfield tag="003">DR-UNIBE</controlfield>
  <controlfield tag="005">20251008095754.0</controlfield>
  <controlfield tag="007">cr nn 008mamaa</controlfield>
  <controlfield tag="008">250612b2021    sp |||||s|||| 00| 0 spa d</controlfield>
  <datafield tag="020" ind1=" " ind2=" ">
    <subfield code="a">9788436276978 (electr&#xF3;nico)</subfield>
  </datafield>
  <datafield tag="040" ind1=" " ind2=" ">
    <subfield code="a">BIBLIOTECA UNIBE</subfield>
    <subfield code="c">BIBLIOTECA UNIBE</subfield>
    <subfield code="e">rda</subfield>
  </datafield>
  <datafield tag="041" ind1=" " ind2=" ">
    <subfield code="a">spa</subfield>
  </datafield>
  <datafield tag="100" ind1="1" ind2=" ">
    <subfield code="a">Juanas Oliva, &#xC1;ngel de</subfield>
    <subfield code="e">autor</subfield>
    <subfield code="9">196374</subfield>
  </datafield>
  <datafield tag="100" ind1="1" ind2=" ">
    <subfield code="a">Ortega Navas, Mar&#xED;a del Carmen </subfield>
    <subfield code="e">autor</subfield>
    <subfield code="9">196375</subfield>
  </datafield>
  <datafield tag="245" ind1="1" ind2="0">
    <subfield code="a">Calidad de vida en personas adultas y mayores :</subfield>
    <subfield code="b"> intervenci&#xF3;n educativa en contextos sociales</subfield>
  </datafield>
  <datafield tag="260" ind1=" " ind2=" ">
    <subfield code="a">Madrid :</subfield>
    <subfield code="b">Universidad Nacional de Educaci&#xF3;n a Distancia (UNED),</subfield>
    <subfield code="c"> 2021</subfield>
  </datafield>
  <datafield tag="300" ind1=" " ind2=" ">
    <subfield code="a">327 p&#xE1;ginas </subfield>
  </datafield>
  <datafield tag="500" ind1=" " ind2=" ">
    <subfield code="a">Recurso en l&#xED;nea:
Disponible para miembros de UNIBE a trav&#xE9;s del portal web del CRAI: https://www.unibe.edu.do/biblioteca/libros-electronicos/</subfield>
  </datafield>
  <datafield tag="505" ind1=" " ind2=" ">
    <subfield code="a">El aprendizaje de las personas adultas y mayores en la sociedad del conocimiento |
Intervenci&#xF3;n y desarrollo integral en personas adultas y mayores: sus derechos humanos fundamentales |
Calidad de vida en personas mayores |
Envejecimiento activo y saludable: desaf&#xED;os, estilos de vida y medidas preventivas |
</subfield>
  </datafield>
  <datafield tag="650" ind1=" " ind2="7">
    <subfield code="a">Ancianos</subfield>
    <subfield code="2">lemb</subfield>
  </datafield>
  <datafield tag="650" ind1=" " ind2="7">
    <subfield code="a">Trabajo social con ancianos</subfield>
    <subfield code="2">lemb</subfield>
  </datafield>
  <datafield tag="650" ind1=" " ind2="7">
    <subfield code="a">Edad adulta</subfield>
    <subfield code="2">lemb</subfield>
  </datafield>
  <datafield tag="655" ind1=" " ind2="4">
    <subfield code="a">Recurso electr&#xF3;nico</subfield>
    <subfield code="9">42681</subfield>
  </datafield>
  <datafield tag="700" ind1="1" ind2=" ">
    <subfield code="a">Mart&#xED;n Ortega, Elena </subfield>
    <subfield code="e">prologuista</subfield>
    <subfield code="9">195736</subfield>
  </datafield>
  <datafield tag="856" ind1=" " ind2=" ">
    <subfield code="u">https://ebookcentral.proquest.com/lib/unibedr/detail.action?docID=6782176</subfield>
  </datafield>
  <datafield tag="942" ind1=" " ind2=" ">
    <subfield code="2">ddc</subfield>
    <subfield code="c">EB</subfield>
  </datafield>
  <datafield tag="999" ind1=" " ind2=" ">
    <subfield code="c">113746</subfield>
    <subfield code="d">113746</subfield>
  </datafield>
  <datafield tag="952" ind1=" " ind2=" ">
    <subfield code="0">0</subfield>
    <subfield code="1">0</subfield>
    <subfield code="2">ddc</subfield>
    <subfield code="7">0</subfield>
    <subfield code="8">eTEXT</subfield>
    <subfield code="a">Principal</subfield>
    <subfield code="d">2025-06-12</subfield>
    <subfield code="l">0</subfield>
    <subfield code="p">EB0490</subfield>
    <subfield code="r">2025-06-12 14:38:09</subfield>
    <subfield code="t">copias ilimitadas</subfield>
    <subfield code="w">2025-06-12</subfield>
    <subfield code="y">EB</subfield>
  </datafield>
</record>
